000
00263nam a2200109Ia 4500
008
230907s9999||||xx |||||||||||||| ||und||
082
_a
519.4
_b
GER
245
0
_a
Applied numerical analysis /
260
_a
Pearson,
_b
Noida :
_c
2008
300
_a
609 .
942
_c
BK
999
_c
601288
_d
601288